Reformas al poder judicial de Honduras

En este arículo se habla sobre el mal funcionamiento del Poder Judicial de Honduras. Se señala que los mecanismos para nombrar a funcionarios de este sitema no son nada técnicos y que debido a que se tocan intereses del Poder Ejecutivo y del propio Congreso, es fácil entender la apatía con que es vi...

Full description

Saved in:
Bibliographic Details
Format: Text
Subjects:
Tags: Add Tag
No Tags, Be the first to tag this record!

MARC

LEADER 00000 a a2200000 04500
001 6355
003
040
245 |a Reformas al poder judicial de Honduras 
520 |a En este arículo se habla sobre el mal funcionamiento del Poder Judicial de Honduras. Se señala que los mecanismos para nombrar a funcionarios de este sitema no son nada técnicos y que debido a que se tocan intereses del Poder Ejecutivo y del propio Congreso, es fácil entender la apatía con que es vista la necesidad de una reforma del Poder Judicial. En este artículo se mencionan las áreas más significativas del proyecto de Reforma contenidas en el documento "Reformas al Poder Judicial de Honduras" difundidas por el Procurador Velasco en internet. /MSD  
650 |a PODER JUDICIAL  
773 |g volumen 20, número 896; páginas 11-12  
999 |c 24420  |d 24420